| 000 | 00909cam a22002897a 4500 | ||
|---|---|---|---|
| 003 | CHAP | ||
| 005 | 20220329134638.0 | ||
| 008 | 971013s r 00010 d | ||
| 010 | _a23524 | ||
| 011 | _a24496 | ||
| 035 | _a28595 | ||
| 040 | _cCHAP | ||
| 090 | _aFolleto 9552 | ||
| 110 |
_aChiapas. Gobierno del Estado _922246 |
||
| 245 | 0 | _aPerspectivas de inversión | |
| 260 |
_a(Tuxtla Gutiérrez, Chis.) : _bGobierno del Estado de Chiapas, _c(197?) |
||
| 300 |
_a40 p. _b: ilus |
||
| 590 |
_aBATCH-UPD _b10 _c20130110 _lUCH01 _h2007 |
||
| 590 |
_aBATCH-UPD _b10 _c20130410 _lUCH01 _h1326 |
||
| 590 |
_aBATCH-UPD _b10 _c20130914 _lUCH01 _h0921 |
||
| 590 |
_aBATCH-UPD _b10 _c20180802 _lUCH01 _h0851 |
||
| 590 |
_aCONVERSION _b10 _c20130109 _lUCH01 _h1314 |
||
| 651 | 1 | 4 |
_aChiapas _xCondiciones económicas. _922225 |
| 901 | _aBK | ||
| 942 | _cFOLL | ||
| 949 |
_aFolleto 9552 _bBC _cFOLL _d-65884 _eTS1 _i28595 _mD _si |
||
| 999 |
_c23524 _d23524 |
||